| 000 | 03595nam a2200469 i 4500 | ||
|---|---|---|---|
| 001 | 179201 | ||
| 003 | ES-MaACL | ||
| 005 | 20250731034211.0 | ||
| 008 | 110930m20022009sp ac |||| |dspa d | ||
| 020 | _a978-84-8459-049-1 | ||
| 080 | _a821.134.2-82"18" | ||
| 080 | _a929 Alas, Leopoldo | ||
| 100 | 1 |
_aAlas, Leopoldo, _d1852-1901 _9226375 |
|
| 245 | 1 | 0 |
_aObras completas / _cLeopoldo Alas "Clarín". |
| 260 |
_aOviedo : _bNobel, _c[2002-2009] |
||
| 300 |
_a12 t. en 13 v. : _bil. ; _c25 cm. |
||
| 500 | _aÍndices: v. 12. | ||
| 504 | _aBibliografía: v. 2, v. 11-12. | ||
| 505 | 8 | _aEn v. 5 (p. 239, 255, 356, 444, 845, 856, 946, 950, 1015, 1024, 1028, 1047, 1101-1141, 1197, 1209, 1211) y v. 6: abundantes referencias a la vida cultural del Ateneo de Madrid | |
| 505 | 8 | _aContiene: 1. Leopoldo Alas, "Clarín", cronología (1852-1901) . La Regenta / edición de José Mª Martínez Cachero (901 p.) -- 2. "Su único hijo". Proyectos novelescos y fragmentos narrativos / edición de Joan Oleza (863 p.) -- 3. Narrativa breve / edición de Carolyn Richmond (1028 p.) -- 4. Crítica (2 v.) / edición de Laureano Bonet, con la colaboración de Joan Estruch y Francisco Navarro (v. 4.1 y 4.2 ; 2045 p.) -- 5. Artículos (1875-1878) / edición de Jean-François Botrel e Yvan Lissorgues (1235 p.) -- 6. Artículos (1879-1882) / edición de Jean-François Botrel e Yvan Lissorgues (1107 p.) -- 7. Artículos (1882-1890) / edición de Jean-François Botrel e Yvan Lissorgues (1216 p.) -- 8. Artículos (1891-1894) / edición de Yvan Lissorgues y Jean-François Botrel (889 p.) -- 9. Artículos (1895-1897) / edición de Yvan Lissorgues y Jean-François Botrel (1195 p.) -- 10. Artículos (1898-1901) / edición de Yvan Lissorgues y Jean-François Botrel (1069 p.) -- 11. Varia / edición de Leonardo Romero Tobar, con la colaboración de Sofía Martín-Gamero... et al. (1421 p.) -- 12. Epistolario e Índices / edición de Jean-François Botrel (890 p.) | |
| 600 | 1 | 4 |
_aAlas, Leopoldo, _d1852-1901 _9226375 |
| 600 | 1 | 4 |
_aAlas, Leopoldo, _d1852-1901. _tLa Regenta _919159 |
| 600 | 1 | 7 |
_aAlas, Leopoldo, _d1852-1901- _vCorrespondencia _9148110 |
| 610 | 2 | 4 |
_aAteneo de Madrid- _vHistoria- _vRelatos personales _91926 |
| 610 | 2 | 4 |
_aAteneo de Madrid- _vConferencias- _yS.XIX. _91910 |
| 700 | 1 |
_aBotrel, Jean-François. _930790 |
|
| 852 | 4 |
_aES-MaACL _pv.1 _jA-11573 _9186077 _bR.131597 _cDEPO1 _dOlim: P-1973 _dOlim: N-4578 |
|
| 852 | 4 |
_aES-MaACL _pv.2 _jA-11574 _9200494 _bR.131597 _cDEPO1 _dOlim: P-1973 _dOlim: N-4579 |
|
| 852 | 4 |
_aES-MaACL _pv.3 _jA-11575 _9200495 _bR.131597 _cDEPO1 _dOlim: P-1973 _dOlim: N-4580 |
|
| 852 | 4 |
_aES-MaACL _pv.4.1 _jA-11576 _9200496 _bR.131597 _cDEPO1 _dOlim: P-1973 _dOlim: N-4581 |
|
| 852 | 4 |
_aES-MaACL _pv.4.2 _jA-11577 _9200497 _bR.131597 _cDEPO1 _dOlim: P-1973 _dOlim: N-4582 |
|
| 852 | 4 |
_aES-MaACL _pv.5 _jA-11578 _9200498 _bR.131597 _cDEPO1 _dOlim: P-1973 _dOlim: N-4583 |
|
| 852 | 4 |
_aES-MaACL _pv.6 _jA-11579 _9200499 _bR.131597 _cDEPO1 _dOlim: P-1973 _dOlim: N-4584 |
|
| 852 | 4 |
_aES-MaACL _pv.7 _jA-11580 _9200500 _bR.131597 _cDEPO1 _dOlim: P-1973 _dOlim: N-4585 |
|
| 852 | 4 |
_aES-MaACL _pv.8 _jA-11581 _9200501 _bR.131597 _cDEPO1 _dOlim: P-1973 _dOlim: N-4586 |
|
| 852 | 4 |
_aES-MaACL _pv.9 _jA-11582 _9200502 _bR.131597 _cDEPO1 _dOlim: P-1973 _dOlim: N-4587 |
|
| 852 | 4 |
_aES-MaACL _pv.10 _jA-11583 _9200503 _bR.131597 _cDEPO1 _dOlim: P-1973 _dOlim: N-4588 |
|
| 852 | 4 |
_aES-MaACL _pv.11 _jA-11584 _9200504 _bR.131597 _cDEPO1 _dOlim: P-1973 _dOlim: N-4589 |
|
| 852 | 4 |
_aES-MaACL _pv.12 _jA-11585 _9200505 _bR.131597 _cDEPO1 _dOlim: P-1973 _dOlim: N-4590 |
|
| 942 |
_2udc _cMONOGRAFIA |
||
| 999 |
_c179201 _d179201 |
||